000 01043nas1a22002651i 4500
001 RU\NLR\Per\1059296
005 20240921110151.0
035 _a(NLR Aleph) 010484822
090 _a10078541
_c10078541
100 _a20140813b20122015|||y0rusy50 ca
101 0 _arus
102 _aRU
110 _aak|||||||||
200 1 _aЗдравоохранение Юга России
_eинформационно-аналитический журнал
210 _aРостов-на-Дону
_cМедиаЮг
_d2014
311 _aПродолжается как: Здравоохранение России
440 0 _12001#$aЗдравоохранение России
_tЗдравоохранение России
606 1 _aЗдравоохранение
_jПериодические издания
_yРоссийская Федерация
_yЮг
_92191648
_3RU\NLR\AUTH\6601553124
686 1 _aР11(2)я52
852 _aNLR
_jП17/1647
942 _cJOURNAL
980 _aRUSPER